| 000 | 00380nam a2200145Ia 4500 | ||
|---|---|---|---|
| 008 | 230917s9999||||xx |||||||||||||| ||und|| | ||
| 040 |
_e198497 _aMAIN |
||
| 041 | _aEnglish | ||
| 082 | _a658.3 N143H | ||
| 100 | _aNaik, Chitra Atmaram | ||
| 245 | 0 | _aHuman resource management: Managing people at work | |
| 260 |
_aNew Delhi _bAne Books _c2010 |
||
| 300 | _a254 p. | ||
| 942 | _cBK | ||
| 999 |
_c164730 _d164730 |
||